| 000 | 00537nam a2200193Ia 4500 | ||
|---|---|---|---|
| 003 | OSt | ||
| 005 | 20230506121712.0 | ||
| 008 | 210423s1996 xx 000 0 und d | ||
| 040 | _cAL | ||
| 041 | _aeng | ||
| 082 | _a574.87 GUNB | ||
| 100 |
_aGUNNING (Brian E S);STEER (Martin W). _999372 |
||
| 245 | _aPlant cell biology: structure and function. | ||
| 260 |
_aLondon _bJones & Bartlett Publishers _c1996 |
||
| 300 | _a60,2 | ||
| 365 |
_b1404 _cINR |
||
| 906 | _abiology: ; cell ; function. ; Plant ; structure | ||
| 942 |
_2ddc _cBK |
||
| 999 |
_c163467 _d163467 |
||